|
|
|
|
| LEADER |
00000nam a2200000 a 4500 |
| 001 |
vtls011826009 |
| 003 |
SK-MaSNL |
| 005 |
20260301144007.0 |
| 008 |
251112 1733 gw 001 0 lat |
| 015 |
|
|
|a SNBHFA1733
|
| 020 |
|
|
|q (viaz.)
|
| 040 |
|
|
|a SNKHF
|b slo
|c SNK
|e AACR2
|
| 041 |
|
|
|a lat
|
| 044 |
|
|
|a gw
|c DE
|
| 072 |
|
7 |
|a 61
|x Lekárske vedy. Medicína
|2 konspekt
|
| 080 |
|
|
|a (043.3)
|2 2011
|
| 080 |
|
|
|a 61
|2 2011
|
| 080 |
|
|
|a 616.9
|2 2011
|
| 100 |
1 |
|
|a Vater, Abraham,
|d 1684-1751
|4 aut
|9 350641
|
| 245 |
1 |
0 |
|a Q. D. B. V. Dissertatio Inavgvralis Medica De Ictero Ex Contvsione Dextri Hypochondrii Mox Orto, Ac Per Diarrhaeam Criticam Brevi Solvto
|c Abrahamo Vatero
|
| 260 |
|
|
|a Vitembergae
|b Literis Hakianis
|c Anno M DCC XXXIII.[=1733]
|
| 300 |
|
|
|a 22 strán, [1] list
|c 4°
|
| 500 |
|
|
|a Vinety, vlys, ozdobné iniciálky s ornamentýlnym pozadím na 6 riadkov
|
| 501 |
|
|
|a Príväzok 6 k: HEISTER, Lorenz. Compendivm Institvtionvm. Helmstadii: Apvd Christ. Frider. Weygand, 1736.
|5 SNK ID 100620
|
| 504 |
|
|
|a Kustódy
|
| 508 |
|
|
|a Predslov
|
| 510 |
4 |
|
|a VD18 11540664
|
| 546 |
|
|
|a Latinčina
|b Kurzíva
|
| 561 |
|
|
|a Z knižnice Učenej spoločnosti malohontskej.
|5 SNK ID 100620/prív.6
|
| 650 |
0 |
7 |
|a medicína
|2 SNKPH
|9 899
|
| 650 |
0 |
7 |
|a infekčné choroby
|2 SNKPH
|9 859
|
| 655 |
|
7 |
|a dizertácie
|2 SNKPH
|9 70277
|
| 700 |
1 |
|
|a Hake, Johann
|4 prt
|9 501721
|
| 700 |
1 |
|
|a Schubart, Georg Christoph
|4 oth
|9 488958
|
| 710 |
2 |
|
|a Učená spoločnosť malohontská
|4 fmo
|9 205374
|
| 710 |
0 |
|
|a Hake, Johann IV. (Wittenberg, Nemecko)
|4 prt
|9 180874
|
| 752 |
|
|
|a Nemecko
|d Wittenberg
|
| 852 |
|
|
|a snk
|b Historické fondy
|p ID 100620/prív.6
|
| 999 |
|
|
|c 775545
|d 777475
|
| 952 |
|
|
|t MHC 838
|a SNK
|b SNK
|c SNK_HF
|y PREZ
|7 0
|p 17A1131682
|o snkID 100620/prív.6
|i snk2018/25518
|8 5
|0 0
|1 0
|4 0
|d 2018-11-28
|l 0
|r 2026-02-24 00:48:15
|w 2026-02-24
|